000
00280nam a2200121Ia 4500
008
240624s9999 xx 000 0 und d
041
_a
eng
082
_a
650.13 HBR
100
_a
HBR
245
_a
HBR GUIDE TO MANAGING UP AND ACROSS
260
_c
2013
_a
Boston
_b
HBR
365
_c
RS
999
_c
26784
_d
26784